Statistiques concernant Football quiz n°8

Cliquez ici pour prendre le quiz!

Statistiques générales

  • Ce quiz a été pris 279 fois
  • Le résultat moyen est 11 sur 15

Statistiques - réponses

QuestionsRéponses% Correct
Seul golden boy à avoir par la suite remporté le ballon d'orLionel Messi
91%
Surnommé "Super Mario"Mario Balotelli
91%
2ème meilleur buteur de l'histoire du PSGEdinson Cavani
90%
Continent sur lequel sera organisée la Coupe du Monde 2026Amérique du Nord
89%
Triple ballon d'or françaisMichel Platini
87%
Ville comportant les clubs du Rapid et AustriaVienne
82%
Meilleur arbitre françaisClément Turpin
81%
Les gardiens Peter et KapserSchmeichel
76%
Dernière nation au classement FIFA (207ème)Saint marin
70%
buteur bulgare passé par MonacoDimitar Berbatov
63%
Latérale gauche de l'équipe de France féminineSakina Karchaoui
62%
Nom allemand du match Bayern-DortmundKlassiker
56%
Surnom du centre d'entrainement de l'OMLa Commanderie
51%
Buteur géorgien qui à explosé lors de la saison 2022-2023Georges Mikautadze
40%
Geste favori d'Andres IniestaCroqueta
35%

Distribution des résultats

Percentile par nombre de réponses

% des personnes avec chaque résultat

Votre développement - résultats

Vous n’avez pas pris ce quiz